[Event "33rd ECC Women 2017"]
[Site "Antalya TUR"]
[Date "2017.10.12"]
[Round "5.2"]
[Board "3"]
[White "Batsiashvili, Nino"]
[Black "Zaiatz, Elena"]
[Result "1/2-1/2"]
[WhiteTitle "IM"]
[BlackTitle "IM"]
[WhiteElo "2472"]
[BlackElo "2334"]
[WhiteTeam "Batumi Chess Club NONA"]
[BlackTeam "Bossa Nova"]
[WhiteFideId "13602993"]
[BlackFideId "4139518"]
[EventDate "2017.10.08"]

1. d4 Nf6 2. Bf4 d5 3. e3 g6 4. Nf3 Bg7 5. Be2 O-O 6. O-O c5 7. c3 b6 8. a4 Nc6
9. Ne5 Bb7 10. Nd2 Nd7 11. Nxc6 Bxc6 12. Nf3 a6 13. Qc2 Re8 14. Rfd1 Qc8 15. c4
Qb7 16. dxc5 e5 17. Bg3 Nxc5 18. b4 Ne4 19. b5 axb5 20. axb5 Rxa1 21. Rxa1 Bd7
22. Rd1 Bf5 23. Qb3 d4 24. Bf1 Nc5 25. Qb2 Bg4 26. Re1 Bxf3 27. exd4 Ne6 28.
gxf3 exd4 29. Qa3 Ra8 30. Qd6 Rd8 31. Rxe6 Rxd6 32. Re8+ Bf8 33. Bxd6 Qd7 34.
Rxf8+ Kg7 35. Bb4 d3 36. Rb8 d2 37. Bf8+ Kf6 38. Rxb6+ Kg5 39. Rd6 d1=Q 40. Rxd7
Qxd7 41. c5 Qd5 42. Bd6 f5 43. f4+ Kh4 44. h3 g5 45. Be7 Kh5 46. fxg5 Qe6 47.
Bd6 Kxg5 48. b6 Qe4 49. Bg2 Qe1+ 50. Bf1 Qe4 51. Bg2 Qe1+ 52. Kh2 f4 53. b7 Qxf2
54. b8=Q Qg3+ 55. Kg1 Qe3+ 56. Kf1 Qc1+ 57. Kf2 Qe3+ 58. Kf1 Qc1+ 59. Ke2 Qc2+
60. Ke1 Qc1+ 61. Kf2 Qe3+ 1/2-1/2

[Event "33rd ECC Women 2017"]
[Site "Antalya TUR"]
[Date "2017.10.12"]
[Round "5.2"]
[Board "4"]
[White "Stetsko, Lanita"]
[Black "Khotenashvili, Bela"]
[Result "1/2-1/2"]
[WhiteTitle "FM"]
[BlackTitle "GM"]
[WhiteElo "2254"]
[BlackElo "2459"]
[WhiteTeam "Bossa Nova"]
[BlackTeam "Batumi Chess Club NONA"]
[WhiteFideId "13505300"]
[BlackFideId "13602640"]
[EventDate "2017.10.08"]

1. e4 g6 2. d4 Bg7 3. Nc3 c6 4. Nf3 d6 5. Be3 Nf6 6. h3 O-O 7. Bd3 b5 8. Qd2
Nbd7 9. O-O Bb7 10. Bh6 c5 11. Bxg7 Kxg7 12. Bxb5 Nxe4 13. Nxe4 Bxe4 14. Bxd7
Qxd7 15. dxc5 Kg8 16. Ng5 Bb7 17. cxd6 h6 18. Nf3 Bxf3 19. gxf3 exd6 20. Qxh6
Rab8 21. Qf4 Rxb2 22. c4 Rc8 23. Rad1 Rb6 24. Kg2 Qe6 25. Rd4 Rc5 26. Re4 Rf5
27. Qh4 Re5 28. Rfe1 Rc6 29. Qd8+ Kg7 30. Rxe5 dxe5 31. Qd5 Qxd5 32. cxd5 Ra6
33. Rxe5 Rxa2 34. d6 Rd2 35. Ra5 Rxd6 1/2-1/2

[Event "33rd ECC Women 2017"]
[Site "Antalya TUR"]
[Date "2017.10.12"]
[Round "5.3"]
[Board "1"]
[White "Ushenina, Anna"]
[Black "Okuyaz, Duru"]
[Result "0-1"]
[WhiteTitle "GM"]
[BlackTitle "WFM"]
[WhiteElo "2445"]
[BlackElo "2233"]
[WhiteTeam "UGRA Chess Clup"]
[BlackTeam "Marmara"]
[WhiteFideId "14110911"]
[BlackFideId "6346022"]
[EventDate "2017.10.08"]

1. c4 e5 2. Nc3 Nc6 3. Nf3 Bc5 4. e3 d6 5. a3 a6 6. Be2 Nf6 7. Qc2 Bg4 8. h3 Bh5
9. b4 Ba7 10. Bb2 Qe7 11. d3 Bg6 12. Nh4 Nd8 13. Bf3 c6 14. g3 Ne6 15. Bg2 Rd8
16. Ne2 Nc7 17. O-O O-O 18. Rae1 d5 19. c5 Nd7 20. f4 f5 21. e4 fxe4 22. Nxg6
hxg6 23. dxe4 d4 24. fxe5 d3 25. Qb3+ Kh7 26. Rxf8 Nxf8 27. Nf4 d2 28. Rd1 b6
29. cxb6 Bxb6+ 30. Kh1 Nfe6 31. Qc2 Nxf4 32. gxf4 Qh4 33. Bc3 Be3 34. f5 Bf4 35.
fxg6+ Kh8 36. Rf1 Qg3 37. Kg1 Be3+ 38. Kh1 Bf4 39. Kg1 Qh2+ 40. Kf2 Rf8 41. Ke2
Qxg2+ 42. Rf2 Qxg6 43. Bxd2 Ne6 44. Kf1 Qh5 45. Qc3 Bxd2 46. Rxf8+ Nxf8 47. Qxd2
Qxh3+ 48. Kg1 Qg4+ 49. Kf1 Qxe4 50. Qc3 Qh1+ 51. Kf2 Ne6 52. Qg3 Qh5 53. Qd3
Qh4+ 54. Kf1 Qh1+ 55. Kf2 Qg2+ 56. Ke1 Qg1+ 57. Kd2 Qf2+ 58. Kc1 Qe1+ 59. Kc2
Qxe5 60. Qxa6 Nd4+ 61. Kd1 Qh5+ 62. Ke1 Qh1+ 63. Kd2 Qg2+ 64. Ke3 Nc2+ 65. Kf4
Qd2+ 66. Kg3 Qe3+ 67. Kh2 Qe5+ 68. Kh3 Nd4 69. Qc8+ Kh7 70. Qd8 Nf5 71. Qd3 Qe3+
72. Qxe3 Nxe3 73. a4 Nc2 74. b5 cxb5 75. axb5 Nd4 76. b6 Nc6 77. Kg4 Kg6 78. Kf4
Kf6 79. b7 g5+ 80. Ke4 Ke6 81. Kd3 Ke5 82. Ke3 g4 0-1

[Event "33rd ECC Women 2017"]
[Site "Antalya TUR"]
[Date "2017.10.12"]
[Round "5.3"]
[Board "2"]
[White "Caglar, Sila"]
[Black "Girya, Olga"]
[Result "0-1"]
[WhiteTitle "WFM"]
[BlackTitle "WGM"]
[WhiteElo "2153"]
[BlackElo "2505"]
[WhiteTeam "Marmara"]
[BlackTeam "UGRA Chess Clup"]
[WhiteFideId "6364063"]
[BlackFideId "4195752"]
[EventDate "2017.10.08"]

1. e4 c6 2. d4 d5 3. exd5 cxd5 4. Bd3 Nc6 5. c3 Nf6 6. Bf4 Bg4 7. Qb3 Qd7 8. Nd2
e6 9. Ngf3 Bxf3 10. Nxf3 Bd6 11. Be5 Qc7 12. O-O Bxe5 13. Nxe5 Nxe5 14. dxe5
Qxe5 15. Qb5+ Kf8 16. Qxb7 Qb8 17. Qc6 Ke7 18. Qc5+ Qd6 19. Qd4 Rhc8 20. Rae1
Qc5 21. Qe5 Rab8 22. Re2 Rb6 23. Rfe1 h6 24. h3 Kf8 25. Kh1 Nd7 26. Qf4 Qc7 27.
Qf3 Nc5 28. Bb1 Kg8 29. b3 Nd7 30. Qd3 Nf6 31. Rc1 Rc6 32. Rec2 Qf4 33. Qd4 Qb8
34. c4 e5 35. Qh4 Qb4 36. Qg3 e4 37. Qe3 dxc4 38. Qxa7 c3 39. a3 Qd6 40. Qe3
Qxa3 41. Rxc3 Nd5 42. Qxe4 Nxc3 43. Qh7+ Kf8 44. Re1 Re6 45. Qh8+ Ke7 46. Rxe6+
fxe6 47. Qxc8 Qc1+ 48. Kh2 Qf4+ 49. Kg1 Nxb1 50. g3 Qd4 51. Qb7+ Kf6 52. b4 Nc3
53. Qb8 Qd1+ 54. Kg2 Qd5+ 55. Kg1 Ne2+ 56. Kf1 Nd4 57. Qf4+ Kg6 58. Ke1 Kh7 59.
h4 e5 60. Qg4 Nf3+ 61. Ke2 Qd2+ 62. Kxf3 Qd1+ 0-1

[Event "33rd ECC Women 2017"]
[Site "Antalya TUR"]
[Date "2017.10.12"]
[Round "5.3"]
[Board "3"]
[White "Nechaeva, Marina"]
[Black "Hereklioglu, Sude"]
[Result "1-0"]
[WhiteTitle "IM"]
[BlackTitle "WFM"]
[WhiteElo "2431"]
[BlackElo "2165"]
[WhiteTeam "UGRA Chess Clup"]
[BlackTeam "Marmara"]
[WhiteFideId "4149351"]
[BlackFideId "6359531"]
[EventDate "2017.10.08"]

1. d4 Nf6 2. c4 g6 3. Nf3 Bg7 4. g3 O-O 5. Bg2 d6 6. O-O Nbd7 7. Nc3 e5 8. e4
exd4 9. Nxd4 Ne5 10. b3 Bd7 11. h3 a6 12. Rb1 c5 13. Nf3 Nxf3+ 14. Qxf3 Bc6 15.
Qd3 Qe7 16. a4 Rae8 17. Re1 Nd7 18. Nd5 Bxd5 19. Qxd5 Ne5 20. b4 Qe6 21. bxc5
dxc5 22. Rxb7 Rd8 23. Qxe6 fxe6 24. Be3 Nd3 25. Rd1 Nb2 26. Rxd8 Rxd8 27. Bxc5
Nxc4 28. Bf1 Rd1 29. Kg2 Rc1 30. Ba7 a5 31. Rb5 Nd2 32. Be3 Rd1 33. Be2 Re1 34.
Bg4 Nxe4 35. Bxe6+ Kf8 36. Rxa5 Bc3 37. Ra7 Be5 38. Bd5 Nf6 39. Bc5+ 1-0

[Event "33rd ECC Women 2017"]
[Site "Antalya TUR"]
[Date "2017.10.12"]
[Round "5.3"]
[Board "4"]
[White "Ozbay, Ece"]
[Black "Kovanova, Baira"]
[Result "0-1"]
[WhiteTitle "WCM"]
[BlackTitle "WGM"]
[WhiteElo "1998"]
[BlackElo "2371"]
[WhiteTeam "Marmara"]
[BlackTeam "UGRA Chess Clup"]
[WhiteFideId "6351743"]
[BlackFideId "4164083"]
[EventDate "2017.10.08"]

1. e4 e5 2. Nf3 Nc6 3. Bb5 a6 4. Ba4 Nf6 5. O-O Be7 6. Re1 b5 7. Bb3 d6 8. c3
O-O 9. h3 Nb8 10. d4 Nbd7 11. Nbd2 Bb7 12. Bc2 Re8 13. Nf1 Bf8 14. Ng3 g6 15. b3
c5 16. d5 Qc7 17. Be3 c4 18. b4 a5 19. a3 h6 20. Qd2 Kh7 21. Nf1 Ra6 22. Reb1
Rea8 23. Qd1 Nb6 24. N1d2 Nfd7 25. g4 Bg7 26. g5 h5 27. h4 Bc8 28. Kh2 axb4 29.
axb4 Qa7 30. Rxa6 Qxa6 31. Rb2 Nf8 32. Bb1 Na4 33. Ra2 Qb7 34. Qc2 Qd7 35. Qc1
Qh3+ 36. Kg1 Qg4+ 37. Kf1 Ra6 38. Ra3 Nd7 39. Ke2 Ndb6 40. Qg1 Qd7 41. Bc2 Qb7
42. Qa1 Qa8 43. Qc1 Bg4 44. Ke1 Nxc3 45. Rxc3 Ra1 46. Bb1 Na4 47. Ke2 Nxc3+ 48.
Qxc3 Ra3 49. Qc2 c3 50. Nf1 Qc8 51. Ba2 Bxf3+ 52. Ke1 Bxe4 53. Qxe4 Rxa2 54. Bc1
Qf5 55. Qxf5 gxf5 56. Ne3 Kg6 0-1

[Event "33rd ECC Women 2017"]
[Site "Antalya TUR"]
[Date "2017.10.12"]
[Round "5.4"]
[Board "1"]
[White "Richard, Emma"]
[Black "Paehtz, Elisabeth"]
[Result "0-1"]
[WhiteTitle "WFM"]
[BlackTitle "IM"]
[WhiteElo "2086"]
[BlackElo "2453"]
[WhiteTeam "Mulhouse Philidor"]
[BlackTeam "Cs Studentesc Medicina Timisoara"]
[WhiteFideId "657590"]
[BlackFideId "4641833"]
[EventDate "2017.10.08"]

1. e4 c6 2. Nc3 d5 3. Nf3 Nf6 4. Qe2 d4 5. Nb1 c5 6. e5 Nd5 7. d3 Nc6 8. c4 dxc3
9. Nxc3 Bg4 10. Nxd5 Qxd5 11. Qe4 Bxf3 12. gxf3 Qxe5 13. Qxe5 Nxe5 14. Be2 Rd8
15. Be3 e6 16. O-O-O Nc6 17. Rhg1 g6 18. Kb1 Nd4 19. Bxd4 Rxd4 20. Rg4 Bg7 21.
Rc1 f5 22. Rxd4 Bxd4 23. Rf1 Kf7 24. Bd1 Kf6 25. Ba4 Kg5 26. Bb3 e5 27. Bd5 Rd8
28. f4+ Kxf4 29. Bg2 b5 30. b3 Rd6 31. h4 h5 32. Kc2 Ra6 33. Kb1 Kg4 34. Bd5
Kxh4 35. Bf7 Kg5 36. Rg1+ Kh6 37. Rg2 Rf6 38. Be8 b4 39. Bb5 g5 40. Kc2 g4 41.
Rh2 Kg5 42. Kd1 h4 43. Ke2 f4 44. Bd7 f3+ 45. Kf1 Ra6 46. Ba4 g3 47. Rh3 Bxf2 0-1

[Event "33rd ECC Women 2017"]
[Site "Antalya TUR"]
[Date "2017.10.12"]
[Round "5.5"]
[Board "1"]
[White "Atalik, Ekaterina"]
[Black "Kaplan, Ebru"]
[Result "1-0"]
[WhiteTitle "IM"]
[WhiteElo "2468"]
[BlackElo "2001"]
[WhiteTeam "Anatolia"]
[BlackTeam "Mediterranean"]
[WhiteFideId "4130189"]
[BlackFideId "6315194"]
[EventDate "2017.10.08"]

1. d4 d5 2. c4 c6 3. Nf3 Nf6 4. Nc3 e6 5. e3 Nbd7 6. Qc2 Bd6 7. Be2 O-O 8. O-O
dxc4 9. Bxc4 b5 10. Be2 Bb7 11. e4 e5 12. dxe5 Nxe5 13. Nd4 Nfg4 14. h3 Nxf2 15.
Rxf2 Bc5 16. Nf5 Qb6 17. Bf1 g6 18. Nh6+ Kg7 19. Ng4 Nxg4 20. hxg4 Bc8 21. e5 f6
22. Ne4 Bxf2+ 23. Qxf2 fxe5 24. Qxb6 axb6 25. Be3 c5 26. Bxb5 Bxg4 27. Bd2 Bf5
28. Nf2 Be6 29. a3 Rad8 30. Bc3 Rf5 31. Re1 Kg8 32. Bxe5 Rd2 33. Bc3 Rd6 34. Ne4
Rd8 35. Nf6+ Kf7 36. Ng4 Rh5 37. Ne5+ Kg8 38. Nc6 Rd6 39. Rxe6 Rxe6 40. Bc4 Kf7
41. Nd8+ 1-0

[Event "33rd ECC Women 2017"]
[Site "Antalya TUR"]
[Date "2017.10.12"]
[Round "5.5"]
[Board "3"]
[White "Isgandarova, Khayala"]
[Black "Can, Isil"]
[Result "1-0"]
[WhiteTitle "WIM"]
[BlackTitle "WCM"]
[WhiteElo "2242"]
[BlackElo "1791"]
[WhiteTeam "Anatolia"]
[BlackTeam "Mediterranean"]
[WhiteFideId "13401823"]
[BlackFideId "34505733"]
[EventDate "2017.10.08"]

1. Nf3 d5 2. g3 Nf6 3. Bg2 c5 4. d3 Nc6 5. O-O e5 6. e4 d4 7. Nbd2 Bg4 8. h3 Bh5
9. g4 Bg6 10. Nc4 Nd7 11. a4 Be7 12. Ne1 Nb6 13. Nxb6 Qxb6 14. f4 f6 15. Nf3
O-O-O 16. Nh4 Qc7 17. Nf5 Bxf5 18. exf5 Bd6 19. a5 a6 20. Qf3 Rde8 21. Bd2 g6
22. fxg6 hxg6 23. Rae1 exf4 24. Rxe8+ Rxe8 25. Bxf4 Ne5 26. Qd5 g5 27. Bg3 Qe7
28. c3 Kb8 29. Rxf6 Rd8 30. Rxd6 1-0

[Event "33rd ECC Women 2017"]
[Site "Antalya TUR"]
[Date "2017.10.12"]
[Round "5.6"]
[Board "1"]
[White "Shvayger, Yuliya"]
[Black "Sahin, Handenur"]
[Result "1-0"]
[WhiteTitle "WGM"]
[WhiteElo "2442"]
[BlackElo "1960"]
[WhiteTeam "Beer Sheva Chess Club"]
[BlackTeam "Aegean"]
[WhiteFideId "14100126"]
[BlackFideId "6334865"]
[EventDate "2017.10.08"]

1. e4 e5 2. Nf3 Nc6 3. Nc3 Nf6 4. Bb5 Bb4 5. O-O O-O 6. d3 Bxc3 7. bxc3 d6 8.
Bg5 Qe7 9. Re1 Nd8 10. d4 Ne6 11. Bc1 c5 12. Bf1 Rd8 13. d5 Nf8 14. h3 Ng6 15.
c4 h6 16. g3 Rf8 17. Nh2 Nh7 18. Bg2 Bd7 19. Rb1 Rab8 20. Ng4 Qd8 21. Ne3 Qc8
22. Kh2 b6 23. Qh5 Nf6 24. Qf3 Ne7 25. Qe2 Ng6 26. Qd3 Ne8 27. Nf5 Qd8 28. Re2
Ne7 29. Bd2 a6 30. Nxe7+ Qxe7 31. f4 f6 32. f5 Nc7 33. Bf3 Qd8 34. Rg2 Kf7 35.
g4 Rh8 36. h4 Qf8 37. Kg1 Ke7 38. Kf2 Kd8 39. Rgg1 Kc8 40. Qb3 Na8 41. a4 Kc7
42. a5 b5 43. cxb5 Rxb5 44. Qa2 Qb8 45. Be2 Rxb1 46. Rxb1 Qa7 47. Qb2 Bc8 48.
Be3 Bb7 49. Qc3 Kd7 50. Rg1 Nc7 51. g5 hxg5 52. hxg5 Rh2+ 53. Ke1 Ne8 54. gxf6
gxf6 55. Bc4 Qb8 56. Bb3 Ke7 57. Bf2 Rh8 58. Kd1 Qc7 59. Be1 Qd7 60. Bc4 Kf8 61.
Qb3 Rh7 62. Bd2 Qc7 63. Qd3 Qc8 64. Qg3 Rf7 65. Qg8+ Ke7 66. Be2 Nc7 67. Qg6 Nb5
68. Bh5 Qf8 69. Bh6 Nc3+ 70. Ke1 Qe8 71. Qxf7+ Qxf7 72. Bxf7 Nxe4 73. Be6 1-0

[Event "33rd ECC Women 2017"]
[Site "Antalya TUR"]
[Date "2017.10.12"]
[Round "5.6"]
[Board "2"]
[White "Ayan, Bengu Sena"]
[Black "Klinova, Masha"]
[Result "0-1"]
[WhiteTitle "WFM"]
[BlackTitle "IM"]
[WhiteElo "1888"]
[BlackElo "2289"]
[WhiteTeam "Aegean"]
[BlackTeam "Beer Sheva Chess Club"]
[WhiteFideId "6346120"]
[BlackFideId "2802015"]
[EventDate "2017.10.08"]

1. d4 d6 2. Nf3 Nf6 3. g3 g6 4. Bg2 Bg7 5. O-O O-O 6. c4 c6 7. b3 Bf5 8. Bb2 d5
9. cxd5 cxd5 10. Nc3 Ne4 11. Nh4 Nxc3 12. Bxc3 Be6 13. Rc1 Nc6 14. Qd2 Qd7 15.
Rfd1 Rac8 16. e4 Rcd8 17. e5 f6 18. exf6 Bxf6 19. Nf3 Bg4 20. Qe3 Qf5 21. Rd3
Bxf3 22. Qxf3 Qxf3 23. Bxf3 Bxd4 24. Bxd4 Nxd4 25. Rxd4 Rxf3 26. Rc7 Rf7 27.
Rxb7 e5 28. Rdb4 Rdd7 29. Rb8+ Kg7 30. Re8 e4 31. Kf1 Rc7 32. Rd4 Rc2 33. f4
exf3 34. Rxd5 Rxh2 35. Red8 f2 36. Rd1 Rh1+ 0-1

[Event "33rd ECC Women 2017"]
[Site "Antalya TUR"]
[Date "2017.10.13"]
[Round "6.1"]
[Board "1"]
[White "Ushenina, Anna"]
[Black "Mamedjarova, Zeinab"]
[Result "1/2-1/2"]
[WhiteTitle "GM"]
[BlackTitle "WGM"]
[WhiteElo "2445"]
[BlackElo "2298"]
[WhiteTeam "UGRA Chess Clup"]
[BlackTeam "Odlar Yurdu"]
[WhiteFideId "14110911"]
[BlackFideId "13401521"]
[EventDate "2017.10.08"]

1. d4 f5 2. c4 Nf6 3. Nf3 g6 4. g3 Bg7 5. Bg2 O-O 6. O-O d6 7. Nc3 Qe8 8. Re1
Qf7 9. e4 Nxe4 10. Nxe4 fxe4 11. Rxe4 Nc6 12. Be3 Qxc4 13. Ng5 Qb5 14. a4 Qxb2
15. Rb1 Qa2 16. Ra1 Qb2 17. Rb1 Qa2 18. Ra1 Qb2 1/2-1/2

[Event "33rd ECC Women 2017"]
[Site "Antalya TUR"]
[Date "2017.10.13"]
[Round "6.1"]
[Board "2"]
[White "Fataliyeva, Ulviyya"]
[Black "Pogonina, Natalija"]
[Result "1/2-1/2"]
[WhiteTitle "WIM"]
[BlackTitle "WGM"]
[WhiteElo "2348"]
[BlackElo "2466"]
[WhiteTeam "Odlar Yurdu"]
[BlackTeam "UGRA Chess Clup"]
[WhiteFideId "13403052"]
[BlackFideId "4147855"]
[EventDate "2017.10.08"]

1. e4 e5 2. Nf3 Nc6 3. d4 exd4 4. Nxd4 Bc5 5. Nxc6 bxc6 6. Nc3 Nf6 7. Bd3 O-O 8.
Na4 Bb6 9. O-O Re8 10. Re1 d5 11. Nxb6 axb6 12. Bg5 h6 13. Bxf6 Qxf6 14. exd5
Rxe1+ 15. Qxe1 Bf5 16. Bxf5 Qxf5 17. Qc3 Qxd5 18. a3 Rd8 19. h3 c5 20. Re1 Qf5
21. b3 Qf4 22. g3 Qd2 23. Qxd2 Rxd2 24. Rc1 Kf8 25. Kf1 Ke7 26. Ke1 Rd5 27. Rd1
Re5+ 28. Kd2 Kd6 29. Ra1 Rd5+ 30. Kc3 Re5 31. Kd2 Rd5+ 32. Kc3 Re5 33. Kd2 1/2-1/2

[Event "33rd ECC Women 2017"]
[Site "Antalya TUR"]
[Date "2017.10.13"]
[Round "6.1"]
[Board "3"]
[White "Girya, Olga"]
[Black "Balajayeva, Khanim"]
[Result "1-0"]
[WhiteTitle "WGM"]
[BlackTitle "WFM"]
[WhiteElo "2505"]
[BlackElo "2319"]
[WhiteTeam "UGRA Chess Clup"]
[BlackTeam "Odlar Yurdu"]
[WhiteFideId "4195752"]
[BlackFideId "13406396"]
[EventDate "2017.10.08"]

1. d4 d5 2. c4 dxc4 3. e4 e5 4. Nf3 exd4 5. Bxc4 Nc6 6. O-O Be6 7. Bb5 Bc5 8. b4
Bb6 9. a4 a6 10. Bxc6+ bxc6 11. Nbd2 Ne7 12. Bb2 Ng6 13. Rc1 O-O 14. Nc4 Bxc4
15. Rxc4 d3 16. a5 Ba7 17. Qd2 Qd7 18. Rd1 Rad8 19. h3 f5 20. e5 Rfe8 21. Qc3
Re6 22. Ng5 Rxe5 23. Rxc6 Bd4 24. Qc4+ Rd5 25. Bxd4 Nf4 26. Rxc7 Qxc7 27. Qxc7
Rxd4 28. Qf7+ Kh8 29. Qxf5 Ne2+ 30. Kh2 1-0

[Event "33rd ECC Women 2017"]
[Site "Antalya TUR"]
[Date "2017.10.13"]
[Round "6.2"]
[Board "1"]
[White "Kashlinskaya, Alina"]
[Black "Dzagnidze, Nana"]
[Result "0-1"]
[WhiteTitle "IM"]
[BlackTitle "GM"]
[WhiteElo "2455"]
[BlackElo "2520"]
[WhiteTeam "Legacy Square Capital"]
[BlackTeam "Batumi Chess Club NONA"]
[WhiteFideId "4198026"]
[BlackFideId "13601903"]
[EventDate "2017.10.08"]

1. d4 Nf6 2. c4 e6 3. Nc3 Bb4 4. e3 O-O 5. Bd3 d5 6. Nf3 c5 7. O-O cxd4 8. exd4
dxc4 9. Bxc4 b6 10. Bg5 Bb7 11. Qe2 Bxc3 12. bxc3 Nc6 13. Rad1 Rc8 14. d5 exd5
15. Bxd5 Qe8 16. Qxe8 Rfxe8 17. Bxf6 gxf6 18. Rfe1 Rxe1+ 19. Rxe1 Kf8 20. Nh4
Na5 21. c4 Ba6 22. Nf5 Bxc4 23. Bxc4 Nxc4 24. f4 Rc5 25. g4 Rd5 26. Re2 Nd6 27.
Ng3 f5 28. g5 Rd4 29. Nh5 Ne4 30. Rc2 Nc5 31. Kg2 Ra4 32. h4 Ne6 33. Kg3 Ra3+
34. Kf2 Rh3 35. Rc8+ Ke7 36. Ng3 Kd7 37. Ra8 Rh2+ 38. Ke3 Rxa2 39. Nxf5 Ra4 40.
Nh6 Nxf4 41. Rf8 Nd5+ 42. Kd3 Rf4 43. h5 a5 44. Kc2 Ke7 45. Rh8 a4 46. Rxh7 Rf2+
47. Kc1 a3 48. Nxf7 Rf1+ 49. Kd2 a2 50. Nh6+ Ke6 0-1

[Event "33rd ECC Women 2017"]
[Site "Antalya TUR"]
[Date "2017.10.13"]
[Round "6.2"]
[Board "2"]
[White "Harika, Dronavalli"]
[Black "Kovalevskaya, Ekaterina"]
[Result "1/2-1/2"]
[WhiteTitle "GM"]
[BlackTitle "IM"]
[WhiteElo "2528"]
[BlackElo "2411"]
[WhiteTeam "Batumi Chess Club NONA"]
[BlackTeam "Legacy Square Capital"]
[WhiteFideId "5015197"]
[BlackFideId "4116704"]
[EventDate "2017.10.08"]

1. e4 c5 2. Nf3 Nc6 3. d4 cxd4 4. Nxd4 e5 5. Nb5 d6 6. N1c3 a6 7. Na3 Be7 8. Nc4
b5 9. Ne3 Nf6 10. Bd3 O-O 11. O-O Nb4 12. Be2 Be6 13. a3 Nc6 14. Ned5 Nd7 15.
Be3 Bg5 16. Qd2 Bxe3 17. fxe3 Rc8 18. Kh1 Ne7 19. a4 Bxd5 20. exd5 b4 21. Ne4
Nc5 22. Nxc5 Rxc5 23. Bxa6 Qb6 24. Bb5 Nxd5 25. e4 Nc7 26. Qxb4 Qb7 27. Rae1
Rxc2 28. Qb3 Rd2 29. Qc3 Rd4 30. Bc6 Qa6 31. Rc1 d5 32. exd5 Nxd5 33. Qc5 Qd3
34. Bxd5 Rxd5 35. Qc4 Qd2 36. Rc2 Qa5 37. b3 g6 38. Qc3 Qa6 39. Qc4 Qd6 40. Rcc1
Kg7 41. Qc7 1/2-1/2

[Event "33rd ECC Women 2017"]
[Site "Antalya TUR"]
[Date "2017.10.13"]
[Round "6.2"]
[Board "3"]
[White "Voit, Daria"]
[Black "Batsiashvili, Nino"]
[Result "0-1"]
[WhiteTitle "FM"]
[BlackTitle "IM"]
[WhiteElo "2387"]
[BlackElo "2472"]
[WhiteTeam "Legacy Square Capital"]
[BlackTeam "Batumi Chess Club NONA"]
[WhiteFideId "4182146"]
[BlackFideId "13602993"]
[EventDate "2017.10.08"]

1. Nf3 d5 2. e3 Nf6 3. c4 e6 4. b3 c5 5. Bb2 Nc6 6. cxd5 exd5 7. Be2 Bd6 8. O-O
O-O 9. d4 cxd4 10. Nxd4 Qe7 11. Nxc6 bxc6 12. Nd2 Re8 13. Qc2 Bd7 14. Rfd1 a5
15. a4 Rab8 16. Bc3 Bc7 17. Bd4 Ng4 18. g3 Nxh2 19. Kg2 Qe6 20. Rh1 Qh3+ 21. Kg1
Bxg3 22. Nf1 Bf5 23. Qd1 Be4 24. f3 Re6 25. Nxh2 Rh6 26. fxe4 Bxh2+ 27. Kf2 Qg3+
28. Kf1 dxe4 29. Qc2 Re8 30. Bg4 c5 31. Bxg7 Kxg7 32. Qf2 Rf6 33. Bf5 Qxf2+ 34.
Kxf2 Rxf5+ 35. Ke2 Be5 36. Rag1+ Kh8 0-1

[Event "33rd ECC Women 2017"]
[Site "Antalya TUR"]
[Date "2017.10.13"]
[Round "6.2"]
[Board "4"]
[White "Khotenashvili, Bela"]
[Black "Savina, Anastasia"]
[Result "1/2-1/2"]
[WhiteTitle "GM"]
[BlackTitle "IM"]
[WhiteElo "2459"]
[BlackElo "2350"]
[WhiteTeam "Batumi Chess Club NONA"]
[BlackTeam "Legacy Square Capital"]
[WhiteFideId "13602640"]
[BlackFideId "4196872"]
[EventDate "2017.10.08"]

1. d4 Nf6 2. c4 g6 3. Nc3 Bg7 4. e4 d6 5. Nf3 O-O 6. h3 e5 7. d5 a5 8. g4 Na6 9.
Be3 Nd7 10. a3 Nb6 11. Rg1 Bd7 12. Nd2 Nc5 13. b4 axb4 14. axb4 Nca4 15. Qc1
Nxc3 16. Rxa8 Qxa8 17. Qxc3 Na4 18. Qb3 c5 19. b5 Qa5 20. Bd3 Ra8 21. Ke2 Qc3
22. Rb1 Bf6 23. Kf3 Kg7 24. Kg3 h6 25. h4 g5 26. h5 Bd8 27. Nf3 f6 28. Bd2 Qxb3
29. Rxb3 Ba5 30. Bxa5 Rxa5 31. Ra3 Ra8 32. Nd2 Nb6 1/2-1/2

[Event "33rd ECC Women 2017"]
[Site "Antalya TUR"]
[Date "2017.10.13"]
[Round "6.3"]
[Board "1"]
[White "Zhukova, Natalia"]
[Black "Atalik, Ekaterina"]
[Result "1-0"]
[WhiteTitle "GM"]
[BlackTitle "IM"]
[WhiteElo "2426"]
[BlackElo "2468"]
[WhiteTeam "Bossa Nova"]
[BlackTeam "Anatolia"]
[WhiteFideId "14101513"]
[BlackFideId "4130189"]
[EventDate "2017.10.08"]

1. Nf3 d5 2. d4 Nf6 3. c4 e6 4. Nc3 Nbd7 5. Bg5 h6 6. Bh4 Be7 7. e3 c6 8. Rc1
O-O 9. Bd3 a6 10. a4 dxc4 11. Bxc4 b5 12. Bd3 Bb7 13. O-O b4 14. Ne4 Nxe4 15.
Bxe7 Nxf2 16. Bh7+ Kh8 17. Bxd8 Nxd1 18. Rfxd1 Rfxd8 19. Be4 Rac8 20. Nd2 Nf6
21. Bf3 Nd5 22. Kf2 g5 23. g3 Kg7 24. Nb3 h5 25. h4 g4 26. Bg2 Rb8 27. Rc5 Nb6
28. a5 Nd5 29. e4 Nf6 30. Ke3 Kf8 31. Rg5 Ke7 32. Nc5 Rh8 33. Rf1 Bc8 34. e5
Nd5+ 35. Bxd5 cxd5 36. Rg7 Rf8 37. Nd3 Ke8 38. Nf4 Bd7 39. Nxh5 Bb5 40. Rf2 Rc8
41. Nf6+ 1-0

[Event "33rd ECC Women 2017"]
[Site "Antalya TUR"]
[Date "2017.10.13"]
[Round "6.4"]
[Board "1"]
[White "Paehtz, Elisabeth"]
[Black "Sahin, Handenur"]
[Result "1-0"]
[WhiteTitle "IM"]
[WhiteElo "2453"]
[BlackElo "1960"]
[WhiteTeam "Cs Studentesc Medicina Timisoara"]
[BlackTeam "Aegean"]
[WhiteFideId "4641833"]
[BlackFideId "6334865"]
[EventDate "2017.10.08"]

1. c4 c6 2. e4 d5 3. exd5 cxd5 4. cxd5 Qxd5 5. Nc3 Qd8 6. d4 Nf6 7. Nf3 e6 8.
Bd3 Nc6 9. O-O Be7 10. Qe2 O-O 11. Rd1 Nb4 12. Bb1 Nbd5 13. Ne5 Bd7 14. Qd3 Bc6
15. Bg5 g6 16. Qh3 Rc8 17. Bc2 Nxc3 18. bxc3 Be4 19. Bb3 Nd5 20. Bd2 Bg5 21. c4
Bxd2 22. cxd5 Rc3 23. g3 Bf5 24. Qg2 Qg5 25. h4 Qh6 26. g4 Rfc8 27. gxf5 exf5
28. d6 Bf4 29. d7 Rf8 30. Nxf7 Qxh4 31. d8=Q Rxd8 32. Nxd8+ 1-0